[Event "Titled Tue 13th May Late"]
[Site "chess.com INT"]
[Date "2025.05.13"]
[Round "10"]
[White "Kevlishvili,Robby"]
[Black "Nakamura,Hi"]
[Result "0-1"]
[WhiteElo "2541"]
[BlackElo "2804"]

1.e4 g6 2.d4 c6 3.Nf3 d5 4.Nc3 Bg4 5.h3 Bxf3 6.Qxf3 e6 7.Be3 a6 8.O-O-O b5
9.Kb1 Nf6 10.Bd3 b4 11.Ne2 dxe4 12.Bxe4 Nxe4 13.Qxe4 Qd5 14.Qd3 Nd7 15.Nf4 Qb5
16.Qd2 Nb6 17.Nd3 Nd5 18.Ka1 a5 19.Rhe1 Bg7 20.Rc1 a4 21.c4 bxc3 22.bxc3 Qc4
23.Nb2 Qa6 24.Nd3 h6 25.Bf4 Nxf4 26.Nxf4 O-O 27.Nd3 a3 28.Nc5 Qa5 29.Nb3 Qd5
30.f3 Rfd8 31.Qe2 Rab8 32.Qe4 Qc4 33.Qe2 Qa4 34.Qc2 Rb5 35.f4 Rdb8 36.Red1 Qa7
37.Rb1 Qc7 38.g3 h5 39.h4 Bf8 40.Qd3 R5b7 41.Nd2 c5 42.Rxb7 Qxb7 43.Rb1 Qa8
44.Rxb8 Qxb8 45.Nb3 cxd4 46.cxd4 Qb4 47.Qd2 Qc4 48.Kb1 Qf1+ 49.Kc2 Qf3 50.Nc5 Qxg3
51.Ne4 Qxh4 52.Kb3 Qd8 53.Nc3 Qb6+ 54.Kc4 h4 55.d5 Qb4+ 56.Kd3 exd5  0-1

[Event "Titled Tue 13th May Early"]
[Site "chess.com INT"]
[Date "2025.05.13"]
[Round "10"]
[White "Samunenkov,Ihor"]
[Black "Nakamura,Hi"]
[Result "0-1"]
[WhiteElo "2572"]
[BlackElo "2804"]

1.e4 c5 2.c3 d5 3.exd5 Qxd5 4.d4 g6 5.Nf3 Bg7 6.Nbd2 cxd4 7.Bc4 Qd8 8.Nxd4 Nf6
9.O-O O-O 10.N2f3 Qc7 11.Qe2 Bg4 12.h3 Bxf3 13.Nxf3 Nc6 14.Re1 e6 15.g3 Na5
16.Bd3 Nd5 17.Be4 Nc4 18.Bxd5 exd5 19.Qd3 Qc6 20.b3 Nb6 21.Nd4 Qd7 22.Kg2 Rfe8
23.Ba3 Rac8 24.Rad1 a6 25.Rxe8+ Rxe8 26.Bc5 Na8 27.Ne2 Nc7 28.Bd4 Bh6 29.Qf3 Qc6
30.Nf4 Re4 31.Be3 Bg7 32.Rd3 h5 33.Kg1 Re5 34.Ne2 Rf5 35.Qg2 Qb5 36.Rd2 Ne6
37.Nd4 Bxd4 38.Bxd4 Ng5  0-1

[Event "Titled Tue 13th May Early"]
[Site "chess.com INT"]
[Date "2025.05.13"]
[Round "11"]
[White "Nakamura,Hi"]
[Black "Maghsoodloo,Parham"]
[Result "0-1"]
[WhiteElo "2804"]
[BlackElo "2706"]

1.b3 d5 2.Bb2 c6 3.d3 h6 4.Nd2 Nf6 5.g3 Bf5 6.Bg2 Bh7 7.e4 e6 8.Nh3 Be7 9.Qe2 a5
10.a3 Na6 11.O-O Nc5 12.f4 O-O 13.Nf2 b5 14.e5 Nfd7 15.d4 Na6 16.c3 c5 17.Qxb5 Nc7
18.Qe2 Rb8 19.Bh3 Nb5 20.Rfc1 Qb6 21.Qe3 Rfc8 22.a4 Na7 23.c4 dxc4 24.d5 cxb3
25.Nc4 Qa6 26.dxe6 fxe6 27.Nd6 Nf8 28.Bf1 c4 29.Bxc4 Rxc4 30.Nxc4 Bc2 31.Nd6 Nc6
32.Qf3 Nb4 33.Re1 Rd8 34.f5 exf5 35.Nxf5 Bc5 36.e6 Nxe6 37.Nxg7 Nxg7 38.Qg4 Qg6
39.Qc4+ Rd5 40.Re7 Bxe7  0-1

[Event "Titled Tue 13th May Late"]
[Site "chess.com INT"]
[Date "2025.05.13"]
[Round "11"]
[White "Nakamura,Hi"]
[Black "Niemann,Hans Moke"]
[Result "0-1"]
[WhiteElo "2804"]
[BlackElo "2736"]

1.b3 e5 2.Bb2 Nc6 3.c4 Nf6 4.e3 d5 5.cxd5 Nxd5 6.a3 Be6 7.Nf3 f6 8.Qc2 Qd7
9.Nc3 Nxc3 10.Bxc3 O-O-O 11.b4 g5 12.Rc1 g4 13.Nh4 Bh6 14.b5 Ne7 15.h3 gxh3
16.g3 Kb8 17.a4 Nd5 18.Be2 Nxc3 19.Qxc3 e4 20.g4 Bg5 21.Nf5 h5 22.Ng3 hxg4
23.Nxe4 Bd5 24.d3 f5 25.Nc5 Qe7 26.Rh2 g3  0-1

[Event "Chess.com Classic Winners"]
[Site "chess.com INT"]
[Date "2025.05.20"]
[Round "1.1"]
[White "Nakamura,Hi"]
[Black "Aronian,L"]
[Result "1/2-1/2"]
[WhiteElo "2804"]
[BlackElo "2747"]

1.d4 d5 2.c4 e6 3.Nf3 Nf6 4.e3 b6 5.Nc3 Bd6 6.cxd5 exd5 7.Bb5+ c6 8.Bd3 O-O
9.Qc2 Re8 10.O-O Ba6 11.Bxa6 Nxa6 12.Qa4 Qc8 13.Bd2 Qb7 14.Rac1 Rad8 15.Rfd1 h6
16.a3 Nc7 17.Ne2 c5 18.dxc5 bxc5 19.Qc2 d4 20.Ng3 Ne6 21.Nf5 Bf8 22.exd4 cxd4
23.b4 Rd5 24.Ng3 Bd6 25.Qc6 Qxc6 26.Rxc6 Bxg3 27.hxg3 Ne4 28.Be1 d3 29.Bd2 Nxd2
30.Rxd2 Nd4 31.Rc5 Nxf3+ 32.gxf3 Rxc5 33.bxc5 Rc8 34.Rxd3 Rxc5 35.Rd8+ Kh7
36.Rd7 Ra5 37.Rxf7 Rxa3 38.f4 a5 39.f5 Kg8 40.Ra7 a4 41.Kg2 h5 42.f3 Ra1
43.Kh3 Rh1+ 44.Kg2 Ra1 45.Kf2 Ra3 46.g4 hxg4 47.fxg4 g5 48.Ra6 Kf7 49.Rg6 Ra2+
50.Kf3 a3  1/2-1/2

[Event "Chess.com Classic Winners"]
[Site "chess.com INT"]
[Date "2025.05.20"]
[Round "1.3"]
[White "Nakamura,Hi"]
[Black "Aronian,L"]
[Result "1/2-1/2"]
[WhiteElo "2804"]
[BlackElo "2747"]

1.d4 d5 2.c4 e6 3.Nf3 Nf6 4.e3 b6 5.Nc3 Bd6 6.cxd5 exd5 7.Bd3 O-O 8.O-O Re8
9.Qc2 Ba6 10.Bxa6 Nxa6 11.a3 c5 12.dxc5 bxc5 13.Rd1 Nc7 14.b3 Qe7 15.Bb2 Rad8
16.b4 cxb4 17.axb4 Bxb4 18.Rxa7 Qc5 19.Rb7 Ne4 20.Rc1 Bxc3 21.Bxc3 Nxc3 22.Qxc3 Qxc3
23.Rxc3 Ne6 24.g3 d4 25.exd4 Nxd4 26.Kg2 Nxf3 27.Rxf3 Rf8 28.h4 h6 29.Rc3 Rc8
30.Rcb3 f6 31.R7b5 Rf7 32.h5 Kh7 33.g4 Re7 34.f3 Rd8 35.Kg3 Rc8 36.Ra5 Rce8
37.Rba3 Rf7 38.Kf4 Rfe7 39.R3a4 Rf7 40.Ra1 Rfe7 41.R1a3 Rf7 42.Kf5 Rfe7 43.f4 Rf7
44.Ra2 Rfe7 45.R2a4 Rf7 46.Ra6 Rfe7 47.R4a5 Rd7 48.Ra7 Rde7 49.Rxe7 Rxe7
50.Ra6 Rb7 51.Ra4 Rb5+ 52.Ke6 Rb6+ 53.Kd5 Rb5+ 54.Kc6 Rb2 55.Kd7 Rg2 56.f5 Re2
57.Kd6 Re5 58.Rb4 Re1 59.Ra4 Re5 60.Rb4 Re1 61.Ra4 Re5  1/2-1/2

[Event "Chess.com Classic Winners"]
[Site "chess.com INT"]
[Date "2025.05.20"]
[Round "1.2"]
[White "Aronian,L"]
[Black "Nakamura,Hi"]
[Result "0-1"]
[WhiteElo "2747"]
[BlackElo "2804"]

1.Nf3 d5 2.e3 Nf6 3.c4 e6 4.b3 b6 5.cxd5 exd5 6.Ba3 Bxa3 7.Nxa3 c5 8.d4 O-O
9.Rc1 Qe7 10.Nb5 Bb7 11.Be2 Nbd7 12.O-O a6 13.Nc3 Rac8 14.dxc5 Rxc5 15.Na4 Rxc1
16.Qxc1 Rc8 17.Qb2 Ne4 18.Rc1 Qd8 19.Nd4 g6 20.Rxc8 Qxc8 21.Bg4 f5 22.Bf3 b5
23.Bxe4 dxe4 24.Nc3 Ne5 25.Nce2 Nd3 26.Qa1 b4 27.a3 a5 28.axb4 axb4 29.h4 Qa8
30.Qb1 Qa3 31.h5 Qb2 32.Qxb2 Nxb2 33.Nf4 Kf7 34.Nfe6 Kf6 35.hxg6 hxg6 36.Nc5 Bd5
37.Kf1 Ke5 38.f4+ Kd6 39.Na6 Nd3 40.Nb5+ Kc6 41.Nd4+ Kb7 42.Nxb4 Nxb4 43.Kf2 Nc6
44.Nb5 Kb6 45.Nc3 Bxb3 46.Kg3 Kc5  0-1

[Event "Chess.com Classic Winners"]
[Site "chess.com INT"]
[Date "2025.05.20"]
[Round "1.4"]
[White "Aronian,L"]
[Black "Nakamura,Hi"]
[Result "1-0"]
[WhiteElo "2747"]
[BlackElo "2804"]

1.Nf3 d5 2.e3 Nf6 3.c4 e6 4.b3 b6 5.cxd5 exd5 6.Be2 Bd6 7.Ba3 Bxa3 8.Nxa3 Qe7
9.Nb5 O-O 10.O-O Bb7 11.d4 a6 12.Nc3 Nbd7 13.Rc1 Rac8 14.Qd2 Rfd8 15.Rfd1 c5
16.dxc5 bxc5 17.Qb2 Nf8 18.Na4 Ne6 19.Qe5 Nd7 20.Qg3 Nf6 21.Qh4 h6 22.h3 Kf8
23.Ne5 d4 24.Nb6 Rc7 25.Nbc4 Ne4 26.Qxe7+ Rxe7 27.Na5 Nc3 28.Rd2 Rd5 29.Bf3 Rxe5
30.Bxb7 dxe3 31.fxe3 Rxe3 32.Kh2 Ne4 33.Rb2 g6 34.Bxa6 Ra7 35.Nc4 Rc3 36.Re1 N6g5
37.Bc8 f5 38.Rd1 Rc7 39.Bd7 f4 40.Ne5 Kg7 41.a4 Nf6 42.a5 Re3 43.Nc4 Nxd7
44.Nxe3 fxe3 45.Re2 Ra7 46.Rxe3 Nf6 47.Ra1 Nge4 48.a6 g5 49.Rd3 Kf7 50.Rd8 Ke7
51.Rb8 Nd6 52.Rb6 Kd7 53.Rd1 Ne4 54.b4 cxb4 55.Rxb4 Kc6 56.Rc1+ Nc5 57.Ra4 Kb5
58.Ra3 Nde4 59.Rb1+ Kc6 60.Rc1 Kd5 61.Ra5 Rxa6 62.Rd1+ Ke5 63.Rb5 Rd6 64.Re1 Rd5
65.Rb4 Kf5 66.Rc4 Nd6 67.Rf1+ Kg6 68.Rc2 Nce4 69.Re1 Nf6 70.Rce2 Nde4 71.Re3 g4
72.h4 g3+ 73.Kh1 Rh5 74.Kg1 Rxh4 75.Rf3 Ng5 76.Rxg3 Rg4 77.Rge3 h5 78.Ra3 h4
79.Kh2 h3 80.gxh3 Rf4 81.Rg1 Kh5 82.Kh1 Rh4 83.Kg2 Rf4 84.Kg3 Nfe4+ 85.Kxf4 Nf2
86.Rxg5+ Kh4 87.Rg6 Kh5 88.Kf5 Nd1 89.Rg5+ Kh6 90.Kf6 Kh7 91.Rh5+ Kg8 92.Rg3+  1-0

[Event "Chess.com Classic Winners"]
[Site "chess.com INT"]
[Date "2025.05.20"]
[Round "1.5"]
[White "Aronian,L"]
[Black "Nakamura,Hi"]
[Result "0-1"]
[WhiteElo "2747"]
[BlackElo "2804"]

1.Nf3 d5 2.e3 Nf6 3.d4 e6 4.Bd3 Bd6 5.O-O Nbd7 6.c4 dxc4 7.Bxc4 O-O 8.Nc3 e5
9.h3 a6 10.a4 b6 11.b3 Bb7 12.Bb2 Qe7 13.Rc1 Rad8 14.Re1 c6 15.Nd2 b5 16.Bd3 Rfe8
17.Re2 Ba3 18.Bxa3 Qxa3 19.Nce4 exd4 20.exd4 Qb4 21.Nf3 Nd5 22.Qe1 Qxb3 23.Nd6 Rxe2
24.Qxe2 Qa3 25.Bxh7+ Kf8 26.Rc5 Nxc5 27.dxc5 Qxc5 28.Nxb7 Qc1+ 29.Kh2 Re8
30.Qd3 g6 31.axb5 axb5 32.Na5 Qf4+ 33.g3 Qe4 34.Qb3 Kg7 35.Qb2+ Nf6 36.Ng5 Qe5  0-1

[Event "Titled Tue 20th May Late"]
[Site "chess.com INT"]
[Date "2025.05.20"]
[Round "1"]
[White "Nakamura,Hi"]
[Black "Elier,Ali"]
[Result "1-0"]
[WhiteElo "2804"]
[BlackElo "2142"]

1.b3 Nf6 2.Bb2 g6 3.e3 Bg7 4.d4 O-O 5.Nf3 d6 6.Be2 e5 7.dxe5 Ng4 8.O-O Nxe5
9.Qc1 Nbc6 10.c4 Nxf3+ 11.Bxf3 Ne5 12.Be2 Bg4 13.f3 Bd7 14.Nc3 Re8 15.Nd5 Rc8
16.Qd2 c6 17.Nc3 Bh6 18.f4 Ng4 19.Bxg4 Bxg4 20.h3 Bf5 21.Ne2 Bg7 22.Bxg7 Kxg7
23.Rad1 Qf6 24.Nc3 Rcd8 25.Rfe1 Be4 26.Qd4 d5 27.Qxf6+ Kxf6 28.Rd4 Kg7 29.Red1 f5
30.Kf2 Kh6 31.g4 Rc8 32.Nxe4 fxe4 33.Kg3 Kg7 34.cxd5 cxd5 35.Rxd5 Rc3 36.Rd7+ Kg8
37.Re1 Rc2 38.Rxb7 Rxa2 39.Kh4 Rc8 40.Rd1 Re2 41.Rdd7 Rxe3 42.Rg7+ Kf8 43.Rxh7 Kg8
44.Rbg7+ Kf8 45.Rxa7 Kg8 46.Rhg7+ Kf8 47.Raf7+ Ke8 48.Rh7 Rcc3 49.Kg5 Rxh3
50.Re7+ Kf8 51.Rhf7+ Kg8 52.Kxg6 Rc6+ 53.Rf6 Rxf6+ 54.Kxf6 Rxb3 55.Rxe4 Rb6+
56.Re6 Rb8 57.Kg6 Rf8 58.f5 Kh8 59.g5 Rg8+ 60.Kh5 Rf8 61.f6 Kg8 62.Re7 Ra8
63.g6 Ra5+ 64.Kh6 Ra8 65.f7+ Kf8 66.Re8+ Rxe8 67.fxe8=Q+ Kxe8 68.g7 Kf7 69.Kh7  1-0

[Event "Titled Tue 20th May Late"]
[Site "chess.com INT"]
[Date "2025.05.20"]
[Round "2"]
[White "Cernov,Henrik"]
[Black "Nakamura,Hi"]
[Result "0-1"]
[WhiteElo "2325"]
[BlackElo "2804"]

1.e4 g6 2.d4 c6 3.Nc3 d5 4.Nf3 Bg4 5.h3 Bxf3 6.Qxf3 e6 7.Be3 Bg7 8.Be2 Nf6
9.O-O a6 10.Rad1 O-O 11.exd5 cxd5 12.Bd3 Nc6 13.a3 Rc8 14.Ne2 Qb6 15.b3 Nd7
16.Qg4 Ne7 17.Qh4 Nf5 18.Bxf5 exf5 19.Rd2 Nf6 20.Ng3 Rfe8 21.Bh6 Ne4 22.Nxe4 Rxe4
23.f4 Rxd4 24.Qf2 Rxd2 25.Qxb6 Bd4+ 26.Qxd4 Rxd4 27.Rf2 f6 28.g4 Kf7 29.g5 fxg5
30.Bxg5 Rd1+ 31.Kg2 d4 32.h4 Rc1 33.b4 R8xc2 34.h5 gxh5 35.b5 axb5 36.a4 bxa4
37.Bh4 a3 38.Kg3 Rxf2 39.Kxf2 a2 40.Ke2 a1=Q 41.Be1 Rxe1+ 42.Kd3 Qc3+  0-1

[Event "Chess.com Classic Winners"]
[Site "chess.com INT"]
[Date "2025.05.20"]
[Round "2.1"]
[White "Nakamura,Hi"]
[Black "Ding Liren"]
[Result "1-0"]
[WhiteElo "2804"]
[BlackElo "2734"]

1.Nf3 d5 2.d4 Nf6 3.c4 e6 4.e3 b6 5.Nc3 Bd6 6.cxd5 exd5 7.Bb5+ c6 8.Bd3 O-O
9.O-O Re8 10.Qc2 Ba6 11.Bxa6 Nxa6 12.a3 Nb8 13.b3 Nbd7 14.Bb2 Rc8 15.Rfd1 Qe7
16.g3 Ne4 17.a4 Ndf6 18.Rac1 Nxc3 19.Bxc3 Ne4 20.Bb2 h5 21.Qe2 Qe6 22.Kg2 Rc7
23.Rc2 Rec8 24.Rdc1 c5 25.dxc5 bxc5 26.Qd3 c4 27.bxc4 dxc4 28.Qd4 f6 29.Rd1 c3
30.Ba1 Be7 31.Qd5 Qxd5 32.Rxd5 Rc4 33.Rd7 Kf7 34.Rxa7 R8c7 35.Rxc7 Rxc7 36.Nd4 Bb4
37.f3 Nd6 38.Kf2 Ra7 39.Ra2 Nc4 40.Ke2 Nb6 41.Nc6 c2 42.Rxc2 Rxa4 43.Bd4 Nd5
44.e4 Ne7 45.Na7 Bd6 46.Nb5 Bb8 47.Bc5 Nc6 48.Be3 Ne5 49.Nd4 Ba7 50.Nf5 Bxe3
51.Nxe3 Ra3 52.h3 g5 53.h4 g4 54.f4 Nf3 55.Nf5 Ra1 56.Rc7+ Kf8 57.Rh7 Ra4
58.Kd3 Ra3+ 59.Kc4 Nd2+ 60.Kb4 Rd3 61.e5 fxe5 62.fxe5 Rd5 63.Rh8+ Kf7 64.Nd6+ Kg6
65.Rg8+ Kh7 66.Rg5 Nf3 67.Rxh5+ Kg6 68.Rh8 Rxe5 69.Nc4 Re4 70.Kc5 Ne5 71.Nd6 Re3
72.Kd4 Rxg3 73.Kxe5 Rf3 74.Ne4 g3 75.Rg8+ Kh5 76.Nxg3+ Kxh4 77.Nf5+ Kh3 78.Rh8+ Kg4
79.Rg8+ Kh3 80.Ke4 Ra3 81.Rh8+ Kg2 82.Ne3+ Kg3 83.Rg8+  1-0

[Event "Chess.com Classic Winners"]
[Site "chess.com INT"]
[Date "2025.05.20"]
[Round "2.2"]
[White "Ding Liren"]
[Black "Nakamura,Hi"]
[Result "0-1"]
[WhiteElo "2734"]
[BlackElo "2804"]

1.c4 e5 2.g3 Nf6 3.Bg2 c6 4.d4 exd4 5.Qxd4 d5 6.Nf3 Be6 7.cxd5 cxd5 8.O-O Nc6
9.Qa4 Bc5 10.Nc3 O-O 11.Bg5 h6 12.Bxf6 Qxf6 13.Rac1 Bb6 14.Rfd1 d4 15.Ne4 Qe7
16.Re1 Rfd8 17.a3 d3 18.e3 Rac8 19.Red1 Bg4 20.h3 Bh5 21.g4 Bg6 22.Ng3 Qf6
23.Qb5 Ne7 24.Rxc8 Rxc8 25.Nh5 Bxh5 26.gxh5 Rc5 27.Qxd3 Rxh5 28.Qe4 Ng6 29.Rd7 Rc5
30.Rxb7 Rc1+ 31.Bf1 Nf8 32.Rb8 Bc7 33.Ra8 Bd6 34.Kg2 Qxb2 35.Bd3 g6 36.Nd4 Qa1
37.Nf3 Qxa3 38.Qd5 Qc5 39.Qxc5 Bxc5 40.Ne5 Kg7 41.Be4 Bb6 42.Bd5 Rc7 43.e4 Rc2
44.Nd3 Rd2 45.Bc4 Nh7 46.h4 Nf6 47.Kf3 Rc2 48.Rc8 h5 49.Ba6 Ra2 50.Bc4 Rd2
51.e5 Ng4 52.e6 fxe6 53.Re8 Rc2 54.Bxe6 Nxf2 55.Ne5 Rc3+ 56.Ke2 Re3+ 57.Kxf2 Rxe5+
58.Kf3 Kf6 59.Bd7 Rd5 60.Bc6 Rd3+  0-1

[Event "Chess.com Classic Winners"]
[Site "chess.com INT"]
[Date "2025.05.20"]
[Round "2.3"]
[White "Nakamura,Hi"]
[Black "Ding Liren"]
[Result "1/2-1/2"]
[WhiteElo "2804"]
[BlackElo "2734"]

1.d4 Nf6 2.c4 e6 3.Nf3 b6 4.e3 d5 5.Nc3 Bd6 6.cxd5 exd5 7.Bb5+ c6 8.Bd3 O-O
9.O-O Re8 10.Qc2 Ba6 11.b3 Bxd3 12.Qxd3 Nbd7 13.Bb2 Ne4 14.Rac1 Rc8 15.Rc2 Ndf6
16.Rfc1 Qe7 17.Qd1 Qe6 18.Nxe4 dxe4 19.d5 cxd5 20.Nd4 Qd7 21.Nc6 Bc5 22.Nxa7 Qxa7
23.Bxf6 gxf6 24.b4 Red8 25.Qg4+ Kf8 26.Qf5 Kg7 27.Qg4+ Kf8 28.Qf5 Ke7 29.bxc5 bxc5
30.g3 h6 31.Rd2 Qd7 32.Qf4 h5 33.Rb1 c4 34.Rdb2 Qg4 35.Qh6 Qg5 36.Qh7 Qg6
37.Qxg6 fxg6 38.a4 c3 39.Rc2 d4 40.exd4 Rxd4 41.Rb3 Rxa4 42.Rbxc3 Rxc3 43.Rxc3 Ke6
44.h4 Rd4 45.Kg2 Rd3 46.Rc6+ Ke5 47.Ra6 Rd2 48.Ra5+ Rd5 49.Ra6 Kf5 50.Rb6 Re5
51.Ra6 Re6 52.Ra4 g5 53.hxg5 fxg5 54.Ra5+ Re5 55.Ra8 Kg4 56.Ra4 Kf5 57.Ra8 e3
58.Rf8+ Ke4 59.fxe3 Kxe3 60.Rh8 g4 61.Rf8 Kd3 62.Rf4 Re2+ 63.Kg1 Re5 64.Kg2 Ke3
65.Kg1 Rd5 66.Kg2 h4 67.Rxg4 hxg3 68.Rxg3+ Kf4 69.Rf3+ Kg4 70.Rg3+ Kf4 71.Rf3+ Ke4
72.Rf2 Rd3 73.Re2+ Re3 74.Rf2 Rd3 75.Re2+ Re3 76.Rxe3+ Kxe3  1/2-1/2

[Event "Titled Tue 20th May Late"]
[Site "chess.com INT"]
[Date "2025.05.20"]
[Round "3"]
[White "Nakamura,Hi"]
[Black "Pakleza,Z"]
[Result "1-0"]
[WhiteElo "2804"]
[BlackElo "2484"]

1.b3 d5 2.Bb2 Nf6 3.d3 Bf5 4.Nd2 e6 5.g3 h6 6.Bg2 Be7 7.e4 Bh7 8.Nh3 O-O
9.O-O c6 10.Qe2 a5 11.a3 Na6 12.f4 Re8 13.g4 a4 14.b4 Qb6+ 15.Kh1 c5 16.b5 Qxb5
17.Rab1 Qc6 18.g5 hxg5 19.Nxg5 Nc7 20.Bxf6 Bxf6 21.Nxh7 Kxh7 22.e5 Bd8 23.Qh5+ Kg8
24.Rf3 Nb5 25.Rg3 Nd4 26.Ne4 Nf5 27.Rh3 Kf8 28.c4 dxe4 29.Bxe4 Qc7 30.Rxb7 Qxb7
31.Bxb7 Rb8 32.Bc6 Nh6 33.Bxe8 Kxe8 34.Qd1 Rb3 35.d4 Rxh3 36.Qxa4+ Kf8 37.Qa8 Ke7
38.d5 exd5 39.cxd5 Ng4 40.d6+ Kd7 41.Qb7+ Ke8 42.Qc6+ Kf8 43.Qc8  1-0

[Event "Titled Tue 20th May Late"]
[Site "chess.com INT"]
[Date "2025.05.20"]
[Round "4"]
[White "Harsha,B"]
[Black "Nakamura,Hi"]
[Result "0-1"]
[WhiteElo "2532"]
[BlackElo "2804"]

1.d4 g6 2.c4 Bg7 3.Nf3 d6 4.Nc3 Nf6 5.e4 O-O 6.Be2 e5 7.O-O Nc6 8.Be3 Ng4
9.Bg5 f6 10.Bh4 h5 11.h3 Nh6 12.Rc1 g5 13.d5 Nd4 14.Bg3 Nxe2+ 15.Nxe2 f5
16.exf5 Nxf5 17.Nd2 g4 18.hxg4 hxg4 19.Ne4 Bh6 20.Rc3 b6 21.Kh2 Qe7 22.Rh1 Bd7
23.Kg1 Kg7 24.Nc1 Nd4 25.Nb3 Nxb3 26.axb3 Qf7 27.Bh4 Qg6 28.Qe2 Rf4 29.Ng3 Kg8
30.Nf1 Raf8 31.Bg3 R4f7 32.Ne3 Bf4 33.Qd3 Qxd3 34.Rxd3 Bxg3 35.fxg3 Rf2 36.Rh4 Rxb2
37.Nxg4 Rb1+ 38.Kh2 Rff1 39.Nh6+ Kg7  0-1

[Event "Titled Tue 20th May Late"]
[Site "chess.com INT"]
[Date "2025.05.20"]
[Round "5"]
[White "Nakamura,Hi"]
[Black "Xiong,Jeffery"]
[Result "1-0"]
[WhiteElo "2804"]
[BlackElo "2636"]

1.b3 d5 2.Bb2 Bf5 3.d3 c5 4.Nd2 Nf6 5.g3 Nc6 6.Ngf3 h6 7.Bg2 Qc7 8.O-O e5
9.e4 dxe4 10.dxe4 Be6 11.Qe2 Be7 12.c3 O-O 13.Nh4 Rfd8 14.Nc4 b5 15.Ne3 c4
16.Rfd1 Rxd1+ 17.Rxd1 cxb3 18.Nd5 Qb7 19.axb3 Na5 20.Nf5 Bd8 21.c4 bxc4 22.Bxe5 Bxd5
23.exd5 Qxb3 24.d6 Rc8 25.d7 Nxd7 26.Rxd7 Qb1+ 27.Qd1 Qxd1+ 28.Rxd1 c3 29.Bxc3 Rxc3
30.Rxd8+ Kh7 31.Rd7 Nc4 32.Be4  1-0

[Event "Titled Tue 20th May Late"]
[Site "chess.com INT"]
[Date "2025.05.20"]
[Round "6"]
[White "Praggnanandhaa,R"]
[Black "Nakamura,Hi"]
[Result "1-0"]
[WhiteElo "2758"]
[BlackElo "2804"]

1.b3 b6 2.e4 Bb7 3.Nc3 e5 4.Nf3 Nf6 5.Bb2 Bb4 6.Nxe5 Qe7 7.Nd3 Nxe4 8.Nxe4 Qxe4+
9.Qe2 Qxe2+ 10.Bxe2 Bf8 11.O-O-O Nc6 12.Bh5 Rg8 13.Rde1+ Be7 14.Re3 g6 15.Bf3 Kf8
16.Bd5 Na5 17.Bxb7 Nxb7 18.Ne5 Rd8 19.Rf3 f5 20.Ng4 Nd6 21.Nh6 Rg7 22.h4 Ne4
23.g4 Bf6 24.gxf5 g5 25.Ng4 Bxb2+ 26.Kxb2 h5 27.f6 Rg8 28.Ne5 d6 29.Nc6 Rd7
30.d3 Nc5 31.Rf5 Ne6 32.hxg5 Nxg5 33.Rxh5 Ne6 34.Ne7 Rg2 35.Rh8+ Kf7 36.Rh7+ Kf8
37.Ng6+ Ke8 38.f7+ Rxf7 39.Rh8+ Kd7 40.Rxf7+  1-0

[Event "Titled Tue 20th May Late"]
[Site "chess.com INT"]
[Date "2025.05.20"]
[Round "7"]
[White "Nakamura,Hi"]
[Black "Bortnyk,Olexandr"]
[Result "1/2-1/2"]
[WhiteElo "2804"]
[BlackElo "2601"]

1.d4 Nf6 2.c4 b6 3.Bf4 Bb7 4.e3 d6 5.Nf3 Nbd7 6.h3 e6 7.Nc3 Be7 8.Qc2 h6
9.Be2 a6 10.O-O-O b5 11.a3 bxc4 12.Bxc4 d5 13.Be2 c5 14.Kb1 cxd4 15.Rxd4 Rc8
16.Rc1 Ne4 17.Qb3 Ndc5 18.Qd1 Nxf2 19.Qf1 Nfe4 20.Nxe4 Nxe4 21.Bd3 Rxc1+
22.Qxc1 Nc5 23.Bc2 O-O 24.e4 Qb6 25.Rb4 Qd8 26.exd5 Bxd5 27.Bxh6 Nd3 28.Rg4 Nxc1
29.Rxg7+ Kh8 30.Rh7+ Kg8 31.Rg7+ Kh8 32.Rh7+ Kg8 33.Rg7+  1/2-1/2

[Event "Titled Tue 20th May Late"]
[Site "chess.com INT"]
[Date "2025.05.20"]
[Round "8"]
[White "Kravtsiv,M"]
[Black "Nakamura,Hi"]
[Result "1-0"]
[WhiteElo "2598"]
[BlackElo "2804"]

1.e4 b6 2.d4 e6 3.Nf3 Bb7 4.Bd3 d5 5.e5 c5 6.c3 Qd7 7.Qe2 Ne7 8.O-O Nbc6
9.Be3 cxd4 10.Bxd4 Nf5 11.Nbd2 Be7 12.Rfe1 O-O 13.Bxf5 exf5 14.e6 fxe6 15.Qxe6+ Qxe6
16.Rxe6 Bd8 17.Rae1 Bc7 18.g3 Rad8 19.Nb3 Rd6 20.Ng5 Bc8 21.Rxd6 Bxd6 22.f4 Nxd4
23.Nxd4 Bd7 24.Kf2 Rc8 25.Ngf3 g6 26.Ne5 Be8 27.a3 b5 28.Nd3 a5 29.Ke3 Bd7
30.Kd2 Kf8 31.Ne5 Be8 32.Nd3 Be7 33.b4 axb4 34.axb4 Bd6 35.Kc2 Bd7 36.Kb3 Re8
37.Ne5 Bxe5 38.fxe5 Kf7 39.Kb2 g5 40.e6+ Bxe6 41.Nxb5 Rd8 42.Nd4 Bc8 43.b5 Rd6
44.Kb3 Rh6 45.Re2 f4 46.gxf4 gxf4 47.Rf2 Rh4 48.Kb4 Ke7 49.Kc5 Rh3 50.Kb4 h5
51.Rxf4 Rxh2 52.Kc5 h4 53.Nc6+ Ke8 54.b6 h3 55.Rh4 Kf7 56.Rh8 Ba6 57.Nb4 d4
58.Kxd4 Rd2+ 59.Ke3 Re2+ 60.Kf3 Rb2 61.Rxh3 Bb7+ 62.Ke3  1-0

[Event "Titled Tue 20th May Late"]
[Site "chess.com INT"]
[Date "2025.05.20"]
[Round "9"]
[White "Nakamura,Hi"]
[Black "Goltsev,Dmitry"]
[Result "1/2-1/2"]
[WhiteElo "2804"]
[BlackElo "2183"]

1.b3 Nf6 2.Bb2 g6 3.e3 Bg7 4.d4 O-O 5.Nf3 b6 6.Be2 Bb7 7.O-O d6 8.c4 Nbd7
9.Qc2 Re8 10.Nc3 e5 11.dxe5 Nxe5 12.Nxe5 dxe5 13.Rfd1 Qe7 14.Nd5 Nxd5 15.cxd5 Red8
16.e4 Rac8 17.Bb5 a6 18.Bc6 Bxc6 19.Qxc6 Qd6 20.Rac1 Bf8 21.h4 Qxc6 22.Rxc6 Bd6
23.Rdc1 f6 24.f4 Kf7 25.fxe5 fxe5 26.g3 h5 27.Rf1+ Kg7 28.Kg2 Rd7 29.Bc1 Rf8
30.Re1 Rdf7 31.Be3 Rd7 32.Re2 Rff7 33.Rec2 Rfe7 34.Bd2 Rf7 35.b4 Rf8 36.a3 Rdf7
37.Be3 Rd7 38.R2c4 Rff7 39.a4 b5 40.Rc2 Bxb4 41.Rxa6 bxa4 42.Rxa4 Bd6 43.Ra6 Rd8
44.Rb2 Rdf8 45.Ra7 Kg8 46.Bh6 Re8 47.Rab7 Kh7 48.Be3 Kg7 49.Ra2 Rff8 50.Bc5 Bxc5
51.Rxc7+ Be7 52.d6 Rf7 53.Raa7 Kf6 54.Rcb7 Ke6 55.dxe7 Rfxe7 56.Ra6+ Kf7
57.Rb2 Re6 58.Ra5 R8e7 59.Rbb5 Kf6 60.g4 hxg4 61.Kg3 Rd7 62.Rb1 Rd3+ 63.Kxg4 Rd4
64.Rf1+ Ke7 65.Ra7+ Ke8 66.Kg5 Rxe4 67.Rb1 Re7 68.Ra8+ Kf7 69.Rh8 Ke6 70.Rb6+ Kd5
71.Rxg6 Re1 72.h5 e4 73.Kf6 Re6+ 74.Kg7 Re7+ 75.Kf8 Rb7 76.Rhh6 Ra1 77.Rd6+ Ke5
78.Rhe6+ Kf4 79.Re8 Rh1 80.Rf6+ Ke3 81.h6 Rh7 82.Ree6 Kd3 83.Kg8 R7xh6 84.Rxh6 Rxh6
85.Rxh6 e3 86.Rd6+ Kc2 87.Kf7 e2 88.Re6 Kd2 89.Rxe2+ Kxe2  1/2-1/2

[Event "Titled Tue 20th May Late"]
[Site "chess.com INT"]
[Date "2025.05.20"]
[Round "10"]
[White "Ibarra Jerez,JC"]
[Black "Nakamura,Hi"]
[Result "0-1"]
[WhiteElo "2545"]
[BlackElo "2804"]

1.e4 g6 2.d4 c6 3.Nc3 d5 4.Nf3 Bg4 5.h3 Bxf3 6.Qxf3 e6 7.Bf4 a6 8.O-O-O Nf6
9.e5 Nfd7 10.h4 c5 11.Nxd5 exd5 12.Qxd5 Qc7 13.Qe4 c4 14.d5 Nc5 15.Qxc4 b5
16.Qd4 Bg7 17.Be2 Nbd7 18.e6 Bxd4 19.Bxc7 Bxf2 20.exd7+ Kxd7 21.Bf4 Rae8
22.Bf3 Be3+ 23.Bxe3 Rxe3 24.Rhe1 Rxe1 25.Rxe1 Kd6 26.Kd2 b4 27.c3 a5 28.c4 a4
29.Bd1 Ra8 30.Bc2 a3 31.b3 f5 32.g3 Rf8 33.Rf1 h5 34.Rf2 Re8 35.Rf4 Nd7 36.Rf1 Ne5
37.Bd1 Nd7 38.Be2 Nf6 39.Bf3 Nd7 40.Re1 Ne5 41.Bd1 Re7 42.Re3 Rf7 43.Re1 f4
44.gxf4 Rxf4 45.Bc2 Nf3+ 46.Ke3 Nxe1  0-1

[Event "Titled Tue 20th May Late"]
[Site "chess.com INT"]
[Date "2025.05.20"]
[Round "11"]
[White "Nakamura,Hi"]
[Black "Saidov,Bilukhadzh"]
[Result "1-0"]
[WhiteElo "2804"]
[BlackElo "2309"]

1.b3 d5 2.Bb2 Nf6 3.d3 Bf5 4.Nd2 h6 5.g3 e6 6.Bg2 c6 7.e4 Bh7 8.Nh3 Bb4 9.e5 Nfd7
10.O-O O-O 11.f4 a5 12.a3 Be7 13.g4 a4 14.b4 c5 15.b5 Ra5 16.Rb1 Rxb5 17.f5 Nc6
18.c4 Rxb2 19.Rxb2 Ndxe5 20.cxd5 exd5 21.Rxb7 Nd4 22.Nf4 Bg5 23.Nxd5 Nxd3
24.Ne4 c4 25.Qxa4 Ne5 26.Qd1 Nd3 27.h3 Bh4 28.Rc7 Kh8 29.Rxc4 Nb2 30.Qxd4 Nxc4
31.Qxc4  1-0

[Event "Chess.com Classic Winners"]
[Site "chess.com INT"]
[Date "2025.05.21"]
[Round "3.2"]
[White "Nepomniachtchi,I"]
[Black "Nakamura,Hi"]
[Result "0-1"]
[WhiteElo "2757"]
[BlackElo "2804"]

1.c4 e5 2.Nc3 Nf6 3.Nf3 Nc6 4.g3 Nd4 5.Bg2 Nxf3+ 6.Bxf3 Bb4 7.Qb3 a5 8.O-O Bc5
9.Na4 Ba7 10.d3 O-O 11.c5 d5 12.Qc3 Bh3 13.Rd1 Qe7 14.Bg5 c6 15.Qxa5 h6 16.Bxf6 Qxf6
17.Nb6 Qd8 18.a4 f5 19.Qb4 Bxb6 20.cxb6 Qf6 21.a5 e4 22.Bg2 Bxg2 23.Kxg2 f4
24.Kh1 fxg3 25.fxg3 exd3 26.Rxd3 Qe5 27.Re1 Rf2 28.Rf3 Rxe2 29.Rxe2 Qxe2
30.Qf4 Kh8 31.b4 d4 32.a6 Qxa6 33.Qxd4 Qa1+ 34.Qxa1 Rxa1+ 35.Kg2 Ra6 36.h4 Rxb6
37.Rf4 h5 38.Kf3 Rb5 39.g4 hxg4+ 40.Kxg4 Kh7 41.Re4 Kg6 42.Re6+ Kf7 43.Re4 Rd5
44.Rf4+ Ke6 45.h5 Rd1 46.Re4+ Kf7 47.Rf4+ Kg8 48.Re4 Rd5 49.Rf4 Rb5 50.Re4 Kf7
51.Rf4+ Ke6 52.Re4+ Re5 53.Rf4 b6 54.Rd4 Re1 55.Rf4 Rg1+ 56.Kh4 c5 57.bxc5 bxc5
58.Rf8 c4 59.Rc8 Kd5 60.Rc7 Kd4 61.Rd7+ Ke3 62.Rc7 Kd3 63.Rd7+ Kc2 64.Rc7 c3
65.Rc5 Kb2 66.Rb5+ Kc1 67.Rc5 c2 68.Rc7 Kd2 69.Rd7+ Ke3  0-1